U2 Lyrics: 'Pride (In the Name of Love)' - Statistics

General Stats
  • This quiz has been taken 19 times
  • The average score is 85 of 100
Answer Stats
Lyrics % Correct
a
100%
in
100%
In
100%
love
100%
name
100%
of
100%
on
100%
One
100%
one
100%
the
100%
he
94%
pride
94%
come
88%
man
88%
more
88%
they
88%
to
88%
not
82%
out
82%
take
82%
an
76%
at
76%
could
76%
resist
76%
what
76%
your
76%
and
71%
free
71%
go
71%
last
71%
life
71%
Memphis
71%
sky
71%
April 4
65%
empty
65%
fence
65%
justify
65%
rings
65%
shot
65%
barbed
59%
early
59%
morning,
59%
wire
59%
beach
53%
betrayed
53%
kiss
53%
overthrow
53%
washed
53%
with
53%
took
47%
caught
24%
No matching quizzes found
Score Distribution
Percent of People with Each Score
Percentile by Number Answered
Your Score History
You have not taken this quiz